| 000 | 00378nam a22001577a 4500 | ||
|---|---|---|---|
| 003 | SGT | ||
| 020 | _a9789354665080 | ||
| 082 |
_a615.58 _bP24R |
||
| 100 | _aRAJE, V.N | ||
| 245 | _aPHARMACOTHERAPEUTICS | ||
| 260 |
_aNEW DELHI _bCBS PUBLICATION _c2024 |
||
| 300 | _a150 | ||
| 650 | _aPHARMACOTHERAPEUTICS | ||
| 653 | _aPHARMACOTHERAPEUTICS, THERAPEUTICS | ||
| 942 |
_2ddc _cBK _029 |
||
| 999 |
_c27037 _d27037 |
||